<?xml version="1.0" encoding="UTF-8"?><record xmlns="http://www.loc.gov/MARC21/slim" xmlns:zs="http://docs.oasis-open.org/ns/search-ws/sruResponse">
  <leader>06493cam a22011173a 4500</leader>
  <controlfield tag="001">16363265</controlfield>
  <controlfield tag="005">20250607035907.9</controlfield>
  <controlfield tag="008">901212s1789    it            000 1 ita d</controlfield>
  <datafield ind1=" " ind2=" " tag="906">
    <subfield code="a">7</subfield>
    <subfield code="b">cbc</subfield>
    <subfield code="c">copycat</subfield>
    <subfield code="d">3</subfield>
    <subfield code="e">ncip</subfield>
    <subfield code="f">20</subfield>
    <subfield code="g">y-genmusic</subfield>
  </datafield>
  <datafield ind1=" " ind2=" " tag="955">
    <subfield code="e">vl34 2012-02-10 microfilm added</subfield>
  </datafield>
  <datafield ind1=" " ind2=" " tag="955">
    <subfield code="a">LCAP batch update 2025-06-01-04:00: LCAPM-644, LCAPM-893</subfield>
  </datafield>
  <datafield ind1=" " ind2=" " tag="010">
    <subfield code="a">  2010663435</subfield>
  </datafield>
  <datafield ind1=" " ind2=" " tag="035">
    <subfield code="a">16363265</subfield>
  </datafield>
  <datafield ind1=" " ind2=" " tag="035">
    <subfield code="a">(DLC)musschatz.16822</subfield>
  </datafield>
  <datafield ind1=" " ind2=" " tag="035">
    <subfield code="a">(CStRLIN)VAUP90-B3608</subfield>
  </datafield>
  <datafield ind1=" " ind2=" " tag="040">
    <subfield code="a">ViU</subfield>
    <subfield code="c">ViU</subfield>
    <subfield code="d">DLC</subfield>
  </datafield>
  <datafield ind1="0" ind2=" " tag="041">
    <subfield code="a">ita</subfield>
  </datafield>
  <datafield ind1="0" ind2="0" tag="050">
    <subfield code="a">ML48</subfield>
    <subfield code="b">[S8504]</subfield>
  </datafield>
  <datafield ind1=" " ind2=" " tag="051">
    <subfield code="a">Microfilm Music 1854, reel 175.</subfield>
    <subfield code="c">Microfilm. Washington, D.C. : Library of Congress, [197-]. 1 microfilm reel ; 35 mm.</subfield>
  </datafield>
  <datafield ind1="1" ind2=" " tag="100">
    <subfield code="a">Pugnani, Gaetano,</subfield>
    <subfield code="d">1731-1798.</subfield>
    <subfield code="4">cmp</subfield>
  </datafield>
  <datafield ind1="1" ind2="0" tag="240">
    <subfield code="a">Demetrio a Rodi.</subfield>
    <subfield code="s">Libretto.</subfield>
    <subfield code="l">Italian</subfield>
  </datafield>
  <datafield ind1="1" ind2="0" tag="245">
    <subfield code="a">Demetrio a Rodi :</subfield>
    <subfield code="b">festa per musica /</subfield>
    <subfield code="c">da rappresentarsi nel regio Teatro di Torino per le nozze delle LL. AA. RR. Vittorio Emanuele Duca d'Aosta e Maria Teresa Arciduchessa d'Austria, l' anno MDCCLXXXIX [i.e.1789].</subfield>
  </datafield>
  <datafield ind1=" " ind2=" " tag="260">
    <subfield code="a">In Torino :</subfield>
    <subfield code="b">Presso Onorato Derossi Librajo della Società de' Signori Cavalieri,</subfield>
    <subfield code="c">[1789?]</subfield>
  </datafield>
  <datafield ind1=" " ind2=" " tag="300">
    <subfield code="a">[2], VIII, 48 p. ;</subfield>
    <subfield code="c">16 cm.</subfield>
  </datafield>
  <datafield ind1=" " ind2=" " tag="336">
    <subfield code="a">text</subfield>
    <subfield code="b">txt</subfield>
    <subfield code="2">rdacontent</subfield>
  </datafield>
  <datafield ind1=" " ind2=" " tag="337">
    <subfield code="a">unmediated</subfield>
    <subfield code="b">n</subfield>
    <subfield code="2">rdamedia</subfield>
  </datafield>
  <datafield ind1=" " ind2=" " tag="338">
    <subfield code="a">volume</subfield>
    <subfield code="b">nc</subfield>
    <subfield code="2">rdacarrier</subfield>
  </datafield>
  <datafield ind1=" " ind2=" " tag="500">
    <subfield code="a">U.S. RISM Libretto Project.</subfield>
  </datafield>
  <datafield ind1=" " ind2=" " tag="500">
    <subfield code="a">Two acts; "argomento"--p. III; "Mutazioni di scene"--p. VIII.</subfield>
  </datafield>
  <datafield ind1=" " ind2=" " tag="500">
    <subfield code="a">"La poesia e del signor Giandomenico Boggio di s. Giorgio in Canavese"--p. III.</subfield>
  </datafield>
  <datafield ind1=" " ind2=" " tag="500">
    <subfield code="a">"La musica e del signor maestro Gaetano Pugnani, primo violino, e primo virtuoso di Camera di S.M., direttore generale della musica instrumentale della Regia Cappella, e Camera, e della Musica militare"--p. IV.</subfield>
  </datafield>
  <datafield ind1=" " ind2=" " tag="500">
    <subfield code="a">"Compositore delle arie de' balli, il signor Vittorio Amedeo Canavasso, virtuoso del corno da caccia della Cappella, e Camera di S.M."--p. IV.</subfield>
  </datafield>
  <datafield ind1=" " ind2=" " tag="500">
    <subfield code="a">"La copia di detta musica si fa, e si distribuisce dal signor Antonio Lemessier, virtuoso di violino della Cappella, e Camera di S.M. abitante nella casa del signor Marchese Villa nella corte detta di Serralonga al terzo piano verso la Piazza di s. Carlo"--p. IV.</subfield>
  </datafield>
  <datafield ind1=" " ind2=" " tag="500">
    <subfield code="a">"Inventore, e disegnatore degli abiti, il signor Leonardo Marini Torinese, Disegnatore di Gabinetto di S.M.;ed eseguiti da' Sarti, signori Carlo Ceruti Torinesi, Giambattista Rondola Torinesi, Margherita Pescia Torinesi"--p. IV.</subfield>
  </datafield>
  <datafield ind1=" " ind2=" " tag="500">
    <subfield code="a">"Capo Ricamatore, Sig. Giuseppe Panetto detto Pera"--p. IV.</subfield>
  </datafield>
  <datafield ind1=" " ind2=" " tag="500">
    <subfield code="a">"Capo Piumassaro, Sig. Giuseppe Ceratto"--p. IV.</subfield>
  </datafield>
  <datafield ind1=" " ind2=" " tag="500">
    <subfield code="a">"Assistente alla sartoreria, Sign. Gio. Pescia"--p. IV.</subfield>
  </datafield>
  <datafield ind1=" " ind2=" " tag="500">
    <subfield code="a">"Inventori, e pittori delle scene, li signori fratelli Galliari Piemontesi"--p. VIII.</subfield>
  </datafield>
  <datafield ind1=" " ind2=" " tag="500">
    <subfield code="a">"Imprimateur. Fr. Vinc. Maria Carras Vic. Gen. S. Off. Taurini V. Cauda AA. LL. P. V. Se ne permette la Stampa, Galli per la Gran Cancelleria"--p. 48.</subfield>
  </datafield>
  <datafield ind1=" " ind2=" " tag="500">
    <subfield code="a">Personaggi: DEMETRIO. il sisnor Gioanni Ansani -- EURIDICE. La signora Elisabetta Mara Schmeling prima virtuuosa di camera delle LL. MM. Cristianissime -- ANTANDRO. il signor Francesco Porri -- EUMENE. il signor Giuseppe Benigni -- APOLLINE. la signora Maddalena Marrinari -- DI RISERVA PER SUPPLEMENTO. la signora Luminosa Buzzi--p. V.</subfield>
  </datafield>
  <datafield ind1=" " ind2=" " tag="500">
    <subfield code="a">No singer named for the role EMIRENA.</subfield>
  </datafield>
  <datafield ind1=" " ind2=" " tag="500">
    <subfield code="a">Description of the accompanying ballet "Il trionfo improvviso" included on p. 44-48.</subfield>
  </datafield>
  <datafield ind1=" " ind2=" " tag="500">
    <subfield code="a">"Li balli sono composti, e diretti dal sign. Giuseppe Banti, ed hanno per titolo primo Il trionfo improvviso : secondo Feste in occasione della pace--p. VI; scene description for "Il trionfo improvviso" p. VI, scenario on p. 45-48; second ballet mentioned p. VI and 48.</subfield>
  </datafield>
  <datafield ind1=" " ind2=" " tag="500">
    <subfield code="a">Descrizione del primo ballo Il trionfo improvviso, ballo pantomimo, Personaggi: CALMAR. Il sign. Gaetano Gioja -- MALVINA. La sign. Cammilla Dupetit Banti -- GORMANNO. Il sig. Antonio Crespi -- EVIRCOMA. La sig. Teresa Melazzi -- PIPER. Il sign. Gaetano Fava -- SNIVAN. Il sig. Giuseppe Banti -- UTA. La sign. Eugenia Sperati -- TRENAR. Il sig. Carlo Villeneuve--p. 44.</subfield>
  </datafield>
  <datafield ind1=" " ind2=" " tag="500">
    <subfield code="a">PRIMI BALLERINI SERJ. Li signori Cammilla Dupetit Banti ... [et al.], Gaetano Gioja ... [et al.] -- BALLERINI DI MEZZO CARATTIRE. Signor Antonio Crespi ... [et al.], signora Eugenia Sperati ... [et al.] -- ALTRI BALLERINI, E FIGURANTI. Signori Baldassarre Armano ... [et al.], signore Marianna Zuffi ... [et al.]--p. VII.</subfield>
  </datafield>
  <datafield ind1=" " ind2=" " tag="518">
    <subfield code="a">Performance: Torino, Teatro Regio, 1789.</subfield>
  </datafield>
  <datafield ind1=" " ind2="0" tag="650">
    <subfield code="a">Operas</subfield>
    <subfield code="v">Librettos.</subfield>
  </datafield>
  <datafield ind1=" " ind2="0" tag="650">
    <subfield code="a">Ballets</subfield>
    <subfield code="v">Scenarios.</subfield>
  </datafield>
  <datafield ind1=" " ind2=" " tag="653">
    <subfield code="a">Demetrio</subfield>
  </datafield>
  <datafield ind1=" " ind2=" " tag="653">
    <subfield code="a">Euridice</subfield>
  </datafield>
  <datafield ind1=" " ind2=" " tag="653">
    <subfield code="a">Antandro</subfield>
  </datafield>
  <datafield ind1=" " ind2=" " tag="653">
    <subfield code="a">Emirena</subfield>
  </datafield>
  <datafield ind1=" " ind2=" " tag="653">
    <subfield code="a">Eumene</subfield>
  </datafield>
  <datafield ind1=" " ind2=" " tag="653">
    <subfield code="a">Apolline</subfield>
  </datafield>
  <datafield ind1=" " ind2=" " tag="653">
    <subfield code="a">Calmar</subfield>
  </datafield>
  <datafield ind1=" " ind2=" " tag="653">
    <subfield code="a">Malvina</subfield>
  </datafield>
  <datafield ind1=" " ind2=" " tag="653">
    <subfield code="a">Gormanno</subfield>
  </datafield>
  <datafield ind1=" " ind2=" " tag="653">
    <subfield code="a">Evircoma</subfield>
  </datafield>
  <datafield ind1=" " ind2=" " tag="653">
    <subfield code="a">Piper</subfield>
  </datafield>
  <datafield ind1=" " ind2=" " tag="653">
    <subfield code="a">Snivan</subfield>
  </datafield>
  <datafield ind1=" " ind2=" " tag="653">
    <subfield code="a">Uta</subfield>
  </datafield>
  <datafield ind1=" " ind2=" " tag="653">
    <subfield code="a">Trenar</subfield>
  </datafield>
  <datafield ind1=" " ind2="7" tag="655">
    <subfield code="a">Screenplays.</subfield>
    <subfield code="2">lcgft</subfield>
    <subfield code="0">https://id.loc.gov/authorities/genreForms/gf2014026533</subfield>
  </datafield>
  <datafield ind1="1" ind2="2" tag="700">
    <subfield code="a">Canavasso, Vittorio Amedeo.</subfield>
    <subfield code="4">cmp.</subfield>
    <subfield code="t">Trionfo improvviso (ballo Pantomimo).</subfield>
    <subfield code="s">Scenario.</subfield>
    <subfield code="l">Italian.</subfield>
    <subfield code="f">1789.</subfield>
  </datafield>
  <datafield ind1="1" ind2="2" tag="700">
    <subfield code="a">Canavasso, Vittorio Amedeo.</subfield>
    <subfield code="4">cmp.</subfield>
    <subfield code="t">Feste in occasione della pace (Ballo).</subfield>
    <subfield code="f">1789.</subfield>
  </datafield>
  <datafield ind1="1" ind2=" " tag="720">
    <subfield code="a">Boggio, Giandomenico.</subfield>
    <subfield code="4">lbt</subfield>
  </datafield>
  <datafield ind1="1" ind2=" " tag="720">
    <subfield code="a">Vittorio Emanuele I, King of Savoy, 1759-1824.</subfield>
    <subfield code="4">dte</subfield>
  </datafield>
  <datafield ind1="1" ind2=" " tag="720">
    <subfield code="a">Maria Teresa, Queen, consort of Vittorio Emanuele I, King of Savoy, 1773-1832.</subfield>
    <subfield code="4">dte</subfield>
  </datafield>
  <datafield ind1="1" ind2=" " tag="720">
    <subfield code="a">Lemessier, Antonio.</subfield>
    <subfield code="4">prd</subfield>
  </datafield>
  <datafield ind1="1" ind2=" " tag="720">
    <subfield code="a">Marini, Leonardo.</subfield>
    <subfield code="4">cst</subfield>
  </datafield>
  <datafield ind1="1" ind2=" " tag="720">
    <subfield code="a">Ceruti, Carlo.</subfield>
    <subfield code="4">cst</subfield>
  </datafield>
  <datafield ind1="1" ind2=" " tag="720">
    <subfield code="a">Rondola, Giambattista.</subfield>
    <subfield code="4">cst</subfield>
  </datafield>
  <datafield ind1="1" ind2=" " tag="720">
    <subfield code="a">Pescia, Margherita.</subfield>
    <subfield code="4">cst</subfield>
  </datafield>
  <datafield ind1="1" ind2=" " tag="720">
    <subfield code="a">Panetto, Giuseppe.</subfield>
    <subfield code="4">cst</subfield>
  </datafield>
  <datafield ind1="1" ind2=" " tag="720">
    <subfield code="a">Ceratto, Giuseppe.</subfield>
    <subfield code="4">cst</subfield>
  </datafield>
  <datafield ind1="1" ind2=" " tag="720">
    <subfield code="a">Pescia, Gio.</subfield>
    <subfield code="4">prd</subfield>
  </datafield>
  <datafield ind1="1" ind2=" " tag="720">
    <subfield code="a">Ansani, Gioanni.</subfield>
    <subfield code="4">sng</subfield>
  </datafield>
  <datafield ind1="1" ind2=" " tag="720">
    <subfield code="a">Schmeling, Elisabetta Mara.</subfield>
    <subfield code="4">sng</subfield>
  </datafield>
  <datafield ind1="1" ind2=" " tag="720">
    <subfield code="a">Porri, Francesco.</subfield>
    <subfield code="4">sng</subfield>
  </datafield>
  <datafield ind1="1" ind2=" " tag="720">
    <subfield code="a">Benigni, Giuseppe.</subfield>
    <subfield code="4">sng</subfield>
  </datafield>
  <datafield ind1="1" ind2=" " tag="720">
    <subfield code="a">Marrinari, Maddalena.</subfield>
    <subfield code="4">sng</subfield>
  </datafield>
  <datafield ind1="1" ind2=" " tag="720">
    <subfield code="a">Buzzi, Luminosa.</subfield>
    <subfield code="4">sng</subfield>
  </datafield>
  <datafield ind1="1" ind2=" " tag="720">
    <subfield code="a">Galliari Piemontesi.</subfield>
    <subfield code="4">art</subfield>
    <subfield code="4">prd</subfield>
  </datafield>
  <datafield ind1="1" ind2=" " tag="720">
    <subfield code="a">Gioja, Gaetano.</subfield>
    <subfield code="4">dnc</subfield>
  </datafield>
  <datafield ind1="1" ind2=" " tag="720">
    <subfield code="a">Dupetit Banti, Cammilla.</subfield>
    <subfield code="4">dnc</subfield>
  </datafield>
  <datafield ind1="1" ind2=" " tag="720">
    <subfield code="a">Crespi, Antonio.</subfield>
    <subfield code="4">dnc</subfield>
  </datafield>
  <datafield ind1="1" ind2=" " tag="720">
    <subfield code="a">Melazzi, Teresa.</subfield>
    <subfield code="4">dnc</subfield>
  </datafield>
  <datafield ind1="1" ind2=" " tag="720">
    <subfield code="a">Fava, Gaetano.</subfield>
    <subfield code="4">dnc</subfield>
  </datafield>
  <datafield ind1="1" ind2=" " tag="720">
    <subfield code="a">Banti, Giuseppe.</subfield>
    <subfield code="4">dnc</subfield>
  </datafield>
  <datafield ind1="1" ind2=" " tag="720">
    <subfield code="a">Sperati, Eugenia.</subfield>
    <subfield code="4">dnc</subfield>
  </datafield>
  <datafield ind1="1" ind2=" " tag="720">
    <subfield code="a">Villeneuve, Carlo.</subfield>
    <subfield code="4">dnc</subfield>
  </datafield>
  <datafield ind1="1" ind2=" " tag="720">
    <subfield code="a">Armano, Baldassarre.</subfield>
    <subfield code="4">dnc</subfield>
  </datafield>
  <datafield ind1="1" ind2=" " tag="720">
    <subfield code="a">Zuffi, Marianna.</subfield>
    <subfield code="4">dnc</subfield>
  </datafield>
  <datafield ind1="4" ind2="1" tag="856">
    <subfield code="u">http://hdl.loc.gov/loc.music/musschatz.16822</subfield>
  </datafield>
  <datafield ind1=" " ind2=" " tag="985">
    <subfield code="e">USRISMlibretto</subfield>
  </datafield>
  <datafield ind1=" " ind2=" " tag="985">
    <subfield code="e">musschatz_scanning_2016</subfield>
  </datafield>
</record>
